000 00595nam a2200169 a 4500
001 000026281
005 20200930024446.0
008 110309s1908 dr 000 0 spa d
040 _aDO-SdBNP
_bspa
_cBNPHU
082 _axxx
_bC749c
111 2 _aCongreso científico (1ro. Pan-Americano)
_n(4a. :
_d1908 dic. 25 :
_cSantiago de Chile)
_953310
245 1 3 _aLa República Dominicana /
_cTito V. Lisoni.
260 _aSantiago de Chile :
_bLa Ilustración,
_c1908.
300 _a54 p. :
_bretr. ;
_c27 cm.
500 _aIncluye referencias bibliográficas y notas al pie de páginas.
049 _aBNPD
999 _c25773
_d25773